Derecho romano

Kaydedildi:
Detaylı Bibliyografya
Yazar: Arias Ramos, J (Yazar)
Materyal Türü: Kitap
Dil:İspanyolca
Baskı/Yayın Bilgisi: Madrid Revista de Derecho Romano 1966
Edisyon:10a. ed
Seri Bilgileri:Manuales de Derecho, Economía y Hacienda, 1-2
Konular:
Etiketler: Etiketle
Etiket eklenmemiş, İlk siz ekleyin!

MARC

LEADER 00000nam a2200000 a 4500
001 UCP2834
003 CL-VaPUC
008 990531e19660000SP |||||||||||||||||spa|d
082 0 4 |a 340.54  |b ARI  |2 21 
100 0 |a Arias Ramos, J  |e author  |9 429838 
245 1 0 |a Derecho romano 
250 |a 10a. ed 
300 |a 2 v 
942 |c BK 
945 |d 19990531 00:00:00  |a lriquelm 
260 |a Madrid  |b Revista de Derecho Romano  |c 1966 
500 |a v.1: Parte general. Derechos reales 
500 |a v.2: Obligaciones. Derecho de familia. Derecho de sucesiones 
650 0 |a Derecho romano  |9 255930 
650 0 |a Derechos reales  |9 257708 
650 0 |a Bienes  |9 255749 
650 0 |a Obligaciones   |9 255578 
650 0 |a Derecho de familia  |9 255603 
650 0 |a Derecho sucesorio  |9 255015 
651 0 |a Roma   |9 255106 
583 |a last modification  |c 19990531 00:00:00  |k Rodrigo Vera 
490 0 |a Manuales de Derecho, Economía y Hacienda, 1-2 
999 |c 281304  |d 281302 
952 |0 0  |1 0  |4 0  |6 340_540000000000000_ARI_1966  |7 0  |8 A  |9 322010  |a BIBHIS  |b BIBHIS  |d 2019-11-20  |h v.1  |i 1360922  |o 340.54 ARI 1966  |p 1360922  |r 2025-01-20  |w 2019-11-20  |y BK  |k HIS 
952 |0 0  |1 0  |4 0  |6 340_540000000000000_ARI_1966  |7 0  |8 A  |9 322011  |a BIBHIS  |b BIBHIS  |d 2019-11-20  |h v.2  |i 1360930  |o 340.54 ARI 1966  |p 1360930  |r 2025-01-20  |w 2019-11-20  |y BK  |k HIS